| 000 | 00805nam a2200229 a 4500 | ||
|---|---|---|---|
| 001 | 21898 | ||
| 003 | CO-ViMGA | ||
| 008 | 141112s2004 ck r 000 u spa d | ||
| 020 | _a9589721362 | ||
| 040 |
_aCO-ViMGA _bspa _cCO-ViMGA |
||
| 082 | 0 | 4 | _a323.6 B646s |
| 100 | 1 |
_aBogotá (colombia)Alcaldía Mayor, _931297 |
|
| 245 | 1 | 0 |
_aSucede en la ciudad : _bEntre todos resolvemos |
| 260 |
_aBogotá : _bPanAméricana, _c2003 |
||
| 300 | _a48 | ||
| 590 | _aForma de adquisición : Donación - - Precio : 10000 - - Fecha de adquisición : Julio 2007 | ||
| 650 | 1 | 4 |
_aCIUDADANIA - Bogotá (COLOMBIA) _931298 |
| 650 | 1 | 4 |
_aDEMOCRACIA - Bogotá (COLOMBIA) _931299 |
| 650 | 1 | 4 |
_aPARTICIPACION CIUDADANA - Bogotá (COLOMBIA) _931300 |
| 650 | 1 | 4 |
_aVIDA EN COMUNIDAD - Bogotá (COLOMBIA) _931301 |
| 942 |
_2ddc _cBK |
||
| 999 |
_c30442 _d30442 |
||